Frazeologičeskij slovar' russkogo jazyka Svyše 4000 slovarnych statej
Salvato in:
| Natura: | Libro |
|---|---|
| Lingua: | russo |
| Pubblicazione: |
Moskva
Russkij jazyk
1986
|
| Edizione: | 4-je izd. stereotip. |
| Tags: |
Nessun Tag, puoi essere il primo ad aggiungerne!!
|
MARC
| LEADER | 00000nam a2200000 4500 | ||
|---|---|---|---|
| 001 | c040323 | ||
| 005 | 20250901110405.6 | ||
| 041 | 0 | |a rus | |
| 044 | |a RU | ||
| 245 | 1 | 0 | |a Frazeologičeskij slovar' russkogo jazyka |b Svyše 4000 slovarnych statej |
| 250 | |a 4-je izd. stereotip. | ||
| 264 | 1 | |a Moskva |b Russkij jazyk |c 1986 | |
| 300 | |a 543 s. | ||